| 000 | 00000nam##2200000za#4500 |
| 001 | 9.681678 |
| 003 | CaOODSP |
| 005 | 20210615132456 |
| 007 | ta |
| 008 | 150407|2002||||xxc||||| f|0| 0 fre|d |
| 020 | |a0-662-86465-4 |
| 040 | |aCaOODSP|bfre |
| 043 | |an-cn--- |
| 086 | 1 |aH21-187/2001F |
| 110 | 1 |aCanada.|bSanté Canada. |bDirection générale de la politique de la santé et des communications. |
| 245 | 10|aProgramme d'aide préscolaire aux Premières nations - manuel de référence des normes nationales |
| 260 | |aOttawa - Ontario : |bSanté Canada. |c2001. |
| 300 | |ai, 59p. : |bréférences, tableaux ; |c28 cm. |
| 500 | |a«Élaboré par des représentants du Programme d'aide préscolaire aux Premières nations ...»--Page i. |
| 563 | |aReliure à spirale |
| 590 | |a03-09|b2003-02-28 |
| 775 | 08|tFirst Nations Head Start standards guide |w(CaOODSP)9.648393 |
| 776 | 0#|tProgramme d'aide préscolaire aux Premières nations - guide des normes |w(CaOODSP)9.639973 |